000 00918nam a22002297a 4500
999 _c1068
_d1068
003 AR-CdUCM
008 190226b ||||| |||| 00| 0 spa d
040 _aMUNICIPALIDAD PROVINCIAL DEL CUSCO
_cBIBLIOTECA MUNICIPAL DEL CUSCO
041 _heng
082 _a301.304 /
_bS47
100 _aShils, Edward
_94174
245 _aLos intelectuales en las sociedades modernas /
260 _aArgentina :
_bEdiciones tres tiempos;
_c1976.
300 _a327 paginas ;
_c20 cm.
505 _aLa cultura superior de la época -- Los intelectuales y el futuro -- La sociedad de masas y su cultura -- Plenitud y escasez: Anatomía de una crisis internacional de la cultura -- Los intelectuales británicos a mediados del siglo XX ...
650 _aIntelectuales
_93971
650 _aSociedad
_953
650 _aCultura
_9126
700 _aSetaro, Flora (traducción)
_94175
942 _2ddc
_cLIBROS
945 _arum
_d2019-02-26